| 000 | 00961nas a2200277 a 4500 | ||
|---|---|---|---|
| 001 | 10418 | ||
| 003 | BD-RjUL | ||
| 005 | 20211208234941.0 | ||
| 008 | 230114d19491949enkar p yr 0uuua0eng d | ||
| 035 | _a(BD-RjUL) | ||
| 035 | _a(BD-RjUL) | ||
| 040 |
_aBD-RjUL _beng _cBD-RjUL _dBD-RjUL |
||
| 041 | _aeng | ||
| 082 |
_a352.042 _219 _bMUN 1949 |
||
| 245 | 0 | 4 | _aThe Municipal year book and public utilities manual / |
| 246 | 1 | 7 | _aMunicipal year book |
| 260 | 0 | 0 |
_aLondon : _bMunicipal Journal Ltd., _c1949. |
| 300 |
_a1xxii ,1408 p.: _c23 cm. |
||
| 525 | _aAccompanied by supplement. | ||
| 650 | 0 |
_aMunicipal government _zGreat Britain _xPeriodicals. _932200 |
|
| 780 | 0 | 0 |
_tMunicipal year book and encyclopaedia of local government administrationn _w(DLC)sf 83005026 _w(OCoLC)7251564 |
| 785 | 0 | 0 |
_tMunicipal yearbook and public utilities directory _w(DLC) 07024315 _w(OCoLC)4708959 _g1950 |
| 942 |
_2ddc _cBK |
||
| 999 |
_c10418 _d10418 |
||